00359nam a2200145Ia 4500008004100000020001500041041001200056082001600068100001700084245004700101250000800148260003500156300000800191650001400199221030s9999 xx 000 0 und d a8129705427 aEnglish a105.23bMil aG. H. Miller 0aMicrocomputer Engineeringcby G. H. Miller a3rd bPearson EducationaDelhic2005 a591 aComputers